000
00296nam a22001097a 4500
008
160614b xxu||||| |||| 00| 0 eng d
020
_a
097002794X
041
_a
eng
080
_a
618.2
245
_a
The chemistry of drugs for nurse anesthetists:
_c
Lemont B. Kier; Cynthia S. Dowd;
942
_2
udc
_c
BK
999
_c
2497
_d
2497